000 00965nam a2200289 4500
003 OSt
005 20260601193856.0
008 260507b1979 nyua|||| |||| 001 0 eng d
020 _a0823072711
040 _aICI
_bspa
_cICI
041 _aeng
050 _aNA2542.4
_bP34
100 1 _aPanero, Julius,
_eautor
_93246
245 1 _aHuman dimensions & interior space:
_ba source book of design reference standards /
_cJulius Panero and Martin Zelnik
264 _aNew York :
_bWhitney Library of Design,
_cc1979
300 _a320 páginas :
_bilustraciones
336 _atexto
_2rdacontent
337 _asin medio
_2rdamedia
338 _avolumen
_2rdacarrier
650 _aAntropometría
_vTablas
_933090
650 _aArquitectura
_xFactores humanos
_93247
650 _aDecoración interior
_xFactores humanos
_933091
650 _aAntropometría
650 _aArquitectura
_xMedidas
_933093
700 1 _aZelnik, Martin,
_d1939-
_eautor
_93250
942 _2lcc
_cB
_n1
999 _c22059
_d22059